| 000 | 00396nam a2200157Ia 4500 | ||
|---|---|---|---|
| 008 | 230524s9999 xx 000 0 und d | ||
| 020 | _a8121924987 | ||
| 082 |
_a543.24 _bAGG |
||
| 100 | _aR.S.Aggarwal | ||
| 245 | 0 | _aQuantitave Aptitude (Fully Solved) | |
| 260 |
_aNEW DELHI _bS.Chand _c2011 |
||
| 300 | _a726 | ||
| 500 | _aQuantity Number: 10 | ||
| 650 |
_aMiscellaneous _91877 |
||
| 942 | _cBK | ||
| 999 |
_c48545 _d48545 |
||